<?xml version="1.0" encoding="UTF-8"?>
<marc:record xmlns:marc="http://www.loc.gov/MARC21/slim">
   <marc:leader>00000nam a2200000 a 4500</marc:leader>
   <marc:datafield ind1="1" ind2=" " tag="100">
      <marc:subfield code="a">Langreuter, Jutta</marc:subfield>
      <marc:subfield code="4">aut</marc:subfield>
      <marc:subfield code="e">Verfasser/-in</marc:subfield>
   </marc:datafield>
   <marc:datafield ind1=" " ind2=" " tag="653">
      <marc:subfield code="a">Gefühle</marc:subfield>
   </marc:datafield>
   <marc:datafield ind1=" " ind2=" " tag="653">
      <marc:subfield code="a">Geschicklichkeit</marc:subfield>
   </marc:datafield>
   <marc:datafield ind1=" " ind2=" " tag="653">
      <marc:subfield code="a">Kinderprobleme</marc:subfield>
   </marc:datafield>
   <marc:datafield ind1="0" ind2="0" tag="245">
      <marc:subfield code="a">Frida, die kleine Waldhexe</marc:subfield>
   </marc:datafield>
   <marc:datafield ind1="0" ind2="0" tag="245">
      <marc:subfield code="b">Hexenspruch und Echsenspeck, schwuppdiwupp, der Neid ist weg; Bilderbuch ab 4 Jahren</marc:subfield>
   </marc:datafield>
   <marc:datafield ind1=" " ind2="1" tag="264">
      <marc:subfield code="b">Arena</marc:subfield>
      <marc:subfield code="c">2011</marc:subfield>
   </marc:datafield>
   <marc:datafield ind1="1" ind2=" " tag="520">
      <marc:subfield code="a">In diesem wunderschönen Buch geht es um das Thema Neid. Die liebenswürdige kleine Hexe Frida schafft es auf ihre ganz eigene Art dem Thema Neid ein Schnippchen zu schlagen.  In den liebevollen Illustrationen gibt es immer aufs Neue etwas zu entdecken und jede Seite ist dezent mit Glitzerfolie geprägt, was das "Zauberhafte" an den einzelnen Seiten noch unterstreicht. Der Text von Jutta Langreuter ist einfallsreich und lustig geschrieben. Insgesamt also ein gelungenes Bilderbuch, das hoffentlich bald einen Folgeband bekommt. Nur zu empfehlen! *Privatrezension*</marc:subfield>
   </marc:datafield>
   <marc:datafield ind1=" " ind2=" " tag="020">
      <marc:subfield code="a">9783401091037</marc:subfield>
      <marc:subfield code="9">9783401091037</marc:subfield>
   </marc:datafield>
</marc:record>
